10 ways to nurture love / (Record no. 112655)
[ view plain ]
| 000 -LEADER | |
|---|---|
| fixed length control field | 00408nam a22001577a 4500 |
| 005 - DATE AND TIME OF LATEST TRANSACTION | |
| control field | 20190527095537.0 |
| 008 - FIXED-LENGTH DATA ELEMENTS--GENERAL INFORMATION | |
| fixed length control field | 190527b ||||| |||| 00| 0 eng d |
| 020 ## - INTERNATIONAL STANDARD BOOK NUMBER | |
| International Standard Book Number | 9789386897466 |
| 040 ## - CATALOGING SOURCE | |
| Transcribing agency | PK-LaUMT |
| 082 ## - DEWEY DECIMAL CLASSIFICATION NUMBER | |
| Classification number | 155.7 |
| Item number | IRF-T |
| 100 ## - MAIN ENTRY--PERSONAL NAME | |
| Personal name | Irfan Amir |
| 245 ## - TITLE STATEMENT | |
| Title | 10 ways to nurture love / |
| Statement of responsibility, etc | by Irfan Amir |
| 260 ## - PUBLICATION, DISTRIBUTION, ETC. (IMPRINT) | |
| Place of publication, distribution, etc | Hyderabad : |
| Name of publisher, distributor, etc | Woven Words Publishers, |
| Date of publication, distribution, etc | 2018 |
| 300 ## - PHYSICAL DESCRIPTION | |
| Extent | 239 p. |
| 942 ## - ADDED ENTRY ELEMENTS (KOHA) | |
| Koha item type | Books |
| Withdrawn status | Lost status | Damaged status | Home library | Current library | Date acquired | Full call number | Barcode | Date last seen | Price effective from | Koha item type |
|---|---|---|---|---|---|---|---|---|---|---|
| UMT Main Campus | UMT Main Campus | 2019-05-27 | 155.7 IRF-T | 129904 | 2022-01-29 | 2019-05-27 | Books |
